Co-operative compliance: <A> framework from enhanced relationship to co-operative compliance

Salvato in:
Dettagli Bibliografici
Natura: Libro
Lingua:inglese
Pubblicazione: Paris OECD 2013
Soggetti:
Tags: Aggiungi Tag
Nessun Tag, puoi essere il primo ad aggiungerne!!

MARC

LEADER 00000nam a2200000 4500
001 0181635
005 20240315120508.0
020 |a 978-92-64-20084-5 
041 0 |a eng 
044 |a FR 
245 1 0 |a Co-operative compliance: <A> framework  |b from enhanced relationship to co-operative compliance 
264 1 |a Paris  |b OECD  |c 2013 
300 |a 105 s. 
610 2 0 |a dane 
610 2 0 |a politika daňová 
610 2 0 |a správa daňová 
610 2 0 |a systémy daňové 
610 2 0 |a podnikanie 
610 2 0 |a kontrola daňová 
610 2 0 |a spolupráca medzinárodná 
610 2 0 |a porovnanie medzinárodné 
610 2 0 |a projekty medzinárodné